Catàleg del Col·legi de Periodistes de Catalunya

Catalunya en guerra i en postguerra (Registre núm. 409)

000 -CABECERA
Longitud fija campo de control 00367nam a2200145 a 4500
001 - NÚMERO DE CONTROL
Número de control 409
003 - IDENTIFICADOR DEL NÚMERO DE CONTROL
Identificador del número de control CDMR
005 - FECHA Y HORA DE LA ÚLTIMA TRANSACCIÓN
Fecha y hora de la última transacción 20130116135154.0
008 - CÓDIGOS DE INFORMACIÓN DE LONGITUD FIJA
Códigos de información de longitud fija 130130s2005||||||||||||||||||||||||||||d
040 ## - FUENTE DE LA CATALOGACIÓN
Centro catalogador de origen CDMR
Lengua de catalogación cat
Centro transcriptor CDMR
100 1# - PUNTO DE ACCESO PRINCIPAL-NOMBRE DE PERSONA
Nombre de persona Pérez Molinos, Josep Maria
9 (RLIN) 286
245 10 - MENCIÓN DE TÍTULO
Título Catalunya en guerra i en postguerra
260 ## - PUBLICACIÓN, DISTRIBUCIÓN, ETC. (PIE DE IMPRENTA)
Lugar de publicación, distribución, etc. Barcelona
Fecha de publicación, distribución, etc. 2005
Nombre del editor, distribuidor, etc. Viena Edicions
942 ## - ENTRADA DE ELEMENTOS AGREGADOS (KOHA)
Koha [por defecto] tipo de item Monografies
Fons
Suprimido Perdido Estropeado No para préstamo Localización permanente Localización actual Fecha adquisición Préstamos totales Renovaciones totales Código de barras Fecha última consulta Fecha último préstamo Fecha del precio de reemplazo Tipo de item de Koha
        Centre de Documentació Montserrat Roig Centre de Documentació Montserrat Roig 2014-05-21 3 1 CDMR1405301237 2017-05-17 2017-05-17 2014-05-21 Monografies

Implantat amb Koha